Central Library OPAC University of Rajshahi

The study of military history / (Record no. 5980)

MARC details
000 -LEADER
fixed length control field 00794nam a2200241 a 4500
001 - CONTROL NUMBER
control field 5980
003 - CONTROL NUMBER IDENTIFIER
rucl marc code BD-RjUL
005 - DATE AND TIME OF LATEST TRANSACTION
control field 20211208234150.0
008 - FIXED-LENGTH DATA ELEMENTS--GENERAL INFORMATION
fixed length control field 160906r19661952ii ab 000 0 eng
035 ## - SYSTEM CONTROL NUMBER
System control number (BD-RjUL)6019
040 ## - CATALOGING SOURCE
Original cataloging agency DLC
Transcribing agency KSU
Modifying agency UKM
-- BD-RjUL
Language of cataloging eng
041 ## - LANGUAGE CODE
Language code of text/sound track or separate title eng
082 ## - DEWEY DECIMAL CLASSIFICATION NUMBER
Classification number 355.00971
Author mark and year SHS 1966
Edition number 23
100 1# - MAIN ENTRY--PERSONAL NAME
Personal name Sheppard, Eric William,
Dates associated with a name 1890-
9 (RLIN) 18804
245 14 - TITLE STATEMENT
Title The study of military history /
Statement of responsibility, etc. Eric William Sheppard
250 ## - EDITION STATEMENT
Edition statement 3rd. rev. & enl. ed.
260 ## - PUBLICATION, DISTRIBUTION, ETC. (IMPRINT)
Place of publication, distribution, etc. India :
Name of publisher, distributor, etc. Natraj Publisher,
Date of publication, distribution, etc. 1952 [reprinted 1966].
300 ## - PHYSICAL DESCRIPTION
Pagination 144 p. :
Illustrations ill. ;
Size 23 cm.
500 ## - GENERAL NOTE
General note "First published as Military history for the Staff College entrance examination in 1931."
650 #0 - SUBJECT ADDED ENTRY--TOPICAL TERM
Topical term or geographic name as entry element Military history.
9 (RLIN) 18805
Topical term or geographic name as entry element Military art and science.
9 (RLIN) 18806
942 ## - ADDED ENTRY ELEMENTS (KOHA)
Source of classification or shelving scheme Dewey Decimal Classification
Koha item type Books
Holdings
Lost status Source of classification or shelving scheme Damaged status Not for loan Collection code Permanent Location Current Location Date acquired Source of acquisition Cost, normal purchase price Total Checkouts Full call number Date last seen Copy number Koha item type Shelving location
  Dewey Decimal Classification     Non-fiction Central Library, University of Rajshahi Central Library, University of Rajshahi 20/12/1983 Asiatic book agency 35.00   355.00971 SHS 1966 08/01/2014 C-2 Books  
  Dewey Decimal Classification     Non-fiction Central Library, University of Rajshahi Central Library, University of Rajshahi 20/12/1983 Tulip Enterprise 35.00   355.00971 SHS 1966 01/09/2016 C-3 Books